| 000 | 00597nam a22001577a 4500 | ||
|---|---|---|---|
| 999 |
_c14717 _d14717 |
||
| 003 | AR-CdUCM | ||
| 008 | 190424b ||||| |||| 00| 0 spa d | ||
| 040 |
_aMUNICIPALIDAD PROVINCIAL DEL CUSCO _cBIBLIOTECA MUNICIPAL DEL CUSCO |
||
| 082 |
_aC / 338.985 / _bD313 |
||
| 245 |
_aDefensa d la reforma analisis del movimiento reformista de 1957, sus causas resultados y perspectiva : _bEl frente democrático de reforma a la universidad y al pueblo / |
||
| 260 |
_aCuzco : _c1959. |
||
| 300 |
_a12 páginas ; _c21 cm. |
||
| 650 |
_aReforma universitaria. _91992 |
||
| 942 |
_2ddc _cFOLLETOS |
||
| 945 | _awfj | ||